书目信息 |
| 题名: |
成人教育心理学
|
|
| 作者: | 高志敏 著 | |
| 分册: | ||
| 出版信息: | 上海 上海科技教育出版社 1997.12 |
|
| 页数: | 260页 | |
| 开本: | 21cm | |
| 丛书名: | 成人教育理论丛书 | |
| 单 册: | ||
| 中图分类: | G720-51 | |
| 科图分类: | ||
| 主题词: | 成人教育--教育理论--丛书 | |
| 电子资源: | ||
| ISBN: | 7-5428-1620-9 | |
| 000 | 00627nam2 2200217 45 | |
| 001 | 0004061685 | |
| 005 | 20041125153313.9 | |
| 010 | @a7-5428-1620-9@dCNY16.40 | |
| 100 | @a20000406d1997 km y0chiy0120 ea | |
| 101 | @achi | |
| 105 | @a z 000yy | |
| 200 | 1 | @a成人教育心理学@ACheng Ren Jiao Yu Xin Li Xue@f高志敏等著@FGao Zhi Min Deng Zhu |
| 210 | @a上海@c上海科技教育出版社@d1997.12 | |
| 215 | @a260页@d21cm | |
| 225 | @a成人教育理论丛书 | |
| 410 | @12001 @a成人教育理论丛书 | |
| 606 | 0 | @a成人教育@x教育理论@x丛书 |
| 690 | @aG720-51@v1 | |
| 701 | 0 | @a高志敏@4著 |
| 801 | @aCN@bTSTC@c20000406 | |
| 905 | @dG720-51@e71:3 | |
| 成人教育心理学/高志敏等著.-上海:上海科技教育出版社,1997.12 |
| 260页;21cm.-(成人教育理论丛书) |
| ISBN 7-5428-1620-9:CNY16.40 |
| ● |
| 相关链接 |
|
|
|
|
正题名:成人教育心理学
索取号:G720-51/71:3
 
预约/预借
| 序号 | 登录号 | 条形码 | 馆藏地/架位号 | 状态 | 备注 |
| 1 | 0287274 | 002872742 | 密集书库/ [索取号:G720-51/71:3] | 在馆 | |
| 2 | 0287275 | 002872751 | 第四借阅区/ [索取号:G720-51/71:3] | 在馆 | |
| 3 | 0287276 | 002872760 | 密集书库/ [索取号:G720-51/71:3] | 在馆 | |
| 4 | 0287277 | 002872779 | 第四借阅区/ [索取号:G720-51/71:3] | 在馆 | |
| 5 | 0287278 | 002872788 | 第一样本阅览室/ [索取号:G720-51/71:3] | 在馆 |